00498nam a22001337a 4500008004100000082001600041110003200057245009800089260004800187300000700235942001200242999001500254952009500269230621b xxu||||| |||| 00| 0 eng d a328.03bNAZ bNational Assembly of Zambia aParliamentary Procedure Abstract Series 4bBrief Parliamentary Notes on the Budgetary process bNational Assembly Research Departmentc1995 a4p 2ddccBK c2023d2023 00102ddc4070a002b002d2023-06-21l0o328.03 NAZp10014195r2023-06-21w2023-06-21yBK